000 01235nam a2200301 c 4500
999 _c164231
_d164231
003 BLK
005 20250201005444.0
008 180410b bul|||||r ||||||| ||bul||
010 _aKNG00171730000
040 _aBLK
041 _aBUL
_cBUL
080 _aБългарска литература
_b821.163.2
_x-82
_z821.163.2-82
139 _aВлайков, Тодор Генчов
_bВ 71
245 1 0 _aСъчинения
_bВ 8 т. За том: Ч. 3. Гимназист в София
_cТодор Генчов Влайков; предг. от Георги Константинов.
_nТ. 7.
_pПреживяното
257 _aBGR
260 _bБълг. писател
_c1963-1964
_aСофия
300 _c25 см
380 _aX
700 _aКонстантинов, Георги
_gХристов, Георги Константинов
_9364908
760 1 _aВлайков, Тодор Генчов
_d1964
_h272 с., 3 л. : портр.
_tТ. 7. Преживяното
852 _aЦб 25922
856 4 _qpdf
856 4 _qpdf
942 _cKNG
_n0
_s1
944 _aCR
_c20.02.2015
_k
_lCRON CRON
944 _aED
_c20.02.2015
_kРенета_Константинова
999 _d164231